000 00684nam a22002177a 4500
005 20170124110032.0
010 _aA-993354
020 _c00.00
_a8173913080
035 _aA-993354
037 _bCen Lib/Ret
040 _aDPL
_bEN
082 _a372.35044
_bPRA
100 _aPrasad, Janardan
_917512
245 _aPractical aspects in teaching of science /
_cby Janardan Prasad
260 _aNew Delhi
_bKanishkaPublishers & Distributors
_c1999
270 _bNew Delhi
_a4697/5-21A, Ansari Road, Daryaganj
_e110002
300 _avi,224p.
_c21cm(Hb)
650 _aTeaching Aspects
_921935
650 _aSchool teachers
_921936
942 _2ddc
_cEN
_h372.35044
_mPRA
999 _c127930
_d127930